LEADER 01943nam2-2200409---450- 001 990003545270203316 005 20110721115142.0 010 $a978-92-9237-053-4 035 $a000354527 035 $aUSA01000354527 035 $a(ALEPH)000354527USA01 035 $a000354527 100 $a20110629d2011----km-y0itay0103----ba 101 $aita 102 $aLU 105 $a||||||||001yy 200 1 $a<> deconcentrazione della gestione dell?assistenza esterna della Commissione dai servizi centrali alle delegazioni ha migliorato l?erogazione degli aiuti?$fCorte dei conti europea 210 $aLussemburgo$cUfficio delle pubblicazioni dell'Unione europea$d2011 215 $a52 p.$cill.$d30 cm 225 2 $aRelazione speciale$v1 330 $aLa Corte conclude che la deconcentrazione della gestione dell'assistenza esterna della Commissione dai servizi centrali alle delegazioni ha contribuito a migliorare l?erogazione degli aiuti. Al contempo, la Corte individua settori in cui la Commissione non ha tratto dalla deconcentrazione tutti i benefici che essa può offrire. [Abstract tratto dalla pubblicazione] 410 0$1001000351941$aRelazione speciale 606 0 $aCooperazione internazionale$xFinanziamenti comunitari$xControllo$2BNCF 676 $a338.91 699 $a01.01$bAiuto allo sviluppo 710 02$aCORTE DEI CONTI EUROPEA$0541549 801 0$aIT$bsalbc$gISBD 856 4 $uhttp://eca.europa.eu$4.$zAccesso libero online 912 $a990003545270203316 951 $aCDE 01.01 (XVI)$bCDE 2749$cCDE 01.01$d00151115 959 $aBK 969 $aCDE 979 $aMARIAS$b90$c20110629$lUSA01$h1159 979 $aMARIAS$b90$c20110629$lUSA01$h1349 979 $aMARIAS$b90$c20110721$lUSA01$h1151 996 $aDeconcentrazione della gestione dell?assistenza esterna della Commissione dai servizi centrali alle delegazioni ha migliorato l?erogazione degli aiuti$91116627 997 $aUNISA LEADER 01588oam 2200529 450 001 9910716541103321 005 20230321100655.0 035 $a(CKB)5470000002522746 035 $a(OCoLC)1257795530 035 $a(OCoLC)995470000002522746 035 $a(EXLCZ)995470000002522746 100 $a20210628d2021 ua 0 101 0 $aeng 135 $aurbn||||m|||| 181 $ctxt$2rdacontent 182 $cc$2rdamedia 183 $acr$2rdacarrier 200 13$aAn Act to Amend Title 5, United States Code, to Designate Juneteenth National Independence Day as a Legal Public Holiday 210 1$a[Washington, D.C.] :$c[U.S. Government Publishing Office],$d[2021] 215 $a1 online resource (1 unnumbered leaf) 300 $a"June 17, 2021 (S. 475)." 300 $a"135 Stat. 287." 300 $a"Public Law 117-17." 606 $aJuneteenth 606 $aHolidays$zUnited States 606 $aHolidays$2fast 606 $aJuneteenth$2fast 607 $aUnited States$2fast 608 $aStatutes and codes.$2fast 608 $aStatutes and codes.$2lcgft 615 0$aJuneteenth. 615 0$aHolidays 615 7$aHolidays. 615 7$aJuneteenth. 801 0$bGPO 801 1$bGPO 801 2$bOCLCO 801 2$bBVA 801 2$bOCLCF 801 2$bOCLCQ 801 2$bGPO 801 2$bOCLCO 801 2$bGPO 906 $aBOOK 912 $a9910716541103321 996 $aAn Act to Amend Title 5, United States Code, to Designate Juneteenth National Independence Day as a Legal Public Holiday$93481349 997 $aUNINA LEADER 06183nam 2200817Ia 450 001 9910966611703321 005 20250509114743.0 010 $a90-04-23669-4 024 7 $a10.1163/9789004236691 035 $a(CKB)2670000000356665 035 $a(EBL)1214118 035 $a(SSID)ssj0000890489 035 $a(PQKBManifestationID)11478632 035 $a(PQKBTitleCode)TC0000890489 035 $a(PQKBWorkID)10886046 035 $a(PQKB)10916205 035 $a(MiAaPQ)EBC1214118 035 $a(nllekb)BRILL9789004236691 035 $a(Au-PeEL)EBL1214118 035 $a(CaPaEBR)ebr10718721 035 $a(CaONFJC)MIL497794 035 $a(OCoLC)848917597 035 $a(PPN)184914965 035 $a(EXLCZ)992670000000356665 100 $a20130228d2013 uy 0 101 0 $aeng 135 $aurun####uuuua 181 $ctxt 182 $cc 183 $acr 200 10$aArchaeology, artifacts and antiquities of the ancient Near East $esites, cultures, and proveniences /$fby Oscar White Muscarella 210 $aLeiden, The Netherlands ;$aBoston $cBrill$d2013 215 $a1 online resource (1094 p.) 225 1 $aCulture and history of the ancient Near East ;$vv. 62 300 $aDescription based upon print version of record. 311 08$a90-04-23666-X 320 $aIncludes bibliographical references. 327 $aFront Matter -- Introduction -- The Tumuli at Sé Girdan: A Preliminary Report -- The Tumuli at Sé Girdan: Second Report -- The Chronology and Culture of Sé Girdan: Phase III -- Qalatgah: An Urartian Site in Northwestern Iran -- Excavations at Agrab Tepe, Iran -- The Iron Age at Dinkha Tepe, Iran -- Warfare at Hasanlu in the Late 9th Century BC -- The Hasanlu Lion Pins Again -- The Excavation of Hasanlu: An Archaeological Evaluation -- The Iranian Iron III Chronology at Muweilah in the Emirate of Sharjah -- The Location of Ulhu and Ui?e in Sargon II?s Eighth Campaign, 714 BC -- Surkh Dum at The Metropolitan Museum of Art: a Mini-Report -- North-Western Iran: Bronze Age to Iron Age -- Jiroft and ?Jiroft-Aratta?: A Review Article of Yousef Madjidzadeh, Jiroft: The Earliest Oriental Civilization -- Sargon II?s 8th Campaign: An Introduction and Overview -- Near East Invited Review: King Midas? Tumulus at Gordion -- The Iron Age Background to the Formation of the Phrygian State -- The Date of the Destruction of the Early Phrygian Period at Gordion -- Again Gordion?s Early Phrygian Destruction Date: circa 700 +/- BC -- Urartian Metal Artifacts: An Archaeological Review -- The Archaeological Evidence for Relations between Greece and Iran in the First Millennium BC -- Urartian Bells and Samos -- King Midas of Phrygia and the Greeks -- Greek and Oriental Cauldron Attachments: A Review -- Fibulae Represented on Sculpture -- Phrygian or Lydian? -- Fibulae and Chronology, Marlik and Assur -- Parasols in the Ancient Near East -- The Pope and the Bitter Fanatic -- The Antiquities Trade and the Destruction of Ancient Near Eastern Cultures -- The Fifth Column within the Archaeological Realm: The Great Divide -- Bazaar Archaeology (Plate 34 a.b) -- Excavated in the Bazaar: Ashurbanipal?s Beaker -- Von Bissing?s Memphis Stela: A Product of Cultural Transfer? -- Gudea or not Gudea in New York and Detroit: Ancient or Modern? -- The Veracity of ?Scientific? Testing by Conservators -- ?Ziwiye? and Ziwiye: The Forgery of a Provenience -- Median Art and Medizing Scholarship -- Museum Constructions of the Oxus Treasures: Forgeries of Provenience and Ancient Culture -- Excavated and Unexcavated Achaemenian Art. 330 $aArchaeology, Artifacts and Antiquities of the Ancient Near East follows the evolution of the author?s scholarly work and interests and is divided into several categories of interrelated fields. The first part deals primarily with excavations and associated artifacts, issues in ancient geography and the identification of ancient sites in northwest Iran, the author?s research involving the culture and chronology of the Phrygian capital at Gordion in Anatolia, and the chronology and Iranian cultural relations of a site in the Emirate of Sharjah. Part two is wide-ranging and includes chapters on Aegean and ancient Near Eastern cultural and political interconnections, the role of fibulae in revealing cultural and chronological matters, and the gender-determined usage of parasols and their recognition in excavated contexts. There are also articles specifically concerned with ?Plunder Culture? and the forgery of both objects and their alleged proveniences. \'At 1,088 pages, this volume provides a wonderful sample? chosen by Muscarella himself ? of forty papers spanning the author?s career and many interests...This volume is so rich that it contains something for everyone.\' D.T. Potts, NYU, Bibliotheca Orientalis lxxIII n° 3-4, mei-augustus 2016 410 0$aCulture and History of the Ancient Near East$v62. 606 $aExcavations (Archaeology)$zMiddle East 606 $aExcavations (Archaeology)$zIran 606 $aExcavations (Archaeology)$zTurkey$zGordion (Extinct city) 606 $aForgery of antiquities 606 $aRestes arqueològiques$2thub 606 $aExcavacions arqueològiques$2thub 606 $aFalsificació$2thub 607 $aMiddle East$xAntiquities 607 $aMiddle East$xCivilization$yTo 622 607 $aIran$xAntiquities 607 $aTurkey$xAntiquities 607 $aOrient Mitjà$2thub 607 $aIran$2thub 607 $aTurquia$2thub 608 $aLlibres electrònics$2thub 615 0$aExcavations (Archaeology) 615 0$aExcavations (Archaeology) 615 0$aExcavations (Archaeology) 615 0$aForgery of antiquities. 615 7$aRestes arqueològiques 615 7$aExcavacions arqueològiques 615 7$aFalsificació 676 $a939.4 700 $aMuscarella$b Oscar White$0487857 801 0$bMiAaPQ 801 1$bMiAaPQ 801 2$bMiAaPQ 906 $aBOOK 912 $a9910966611703321 996 $aArchaeology, artifacts and antiquities of the ancient Near East$94377555 997 $aUNINA